| 000 | 005610000a22001930004500 | ||
|---|---|---|---|
| 001 | 001608 | ||
| 003 | MACL | ||
| 005 | 20150725170802.0 | ||
| 008 | 150725b xxu||||| |||| 00| 0 eng d | ||
| 040 |
_aMACL _cMACL |
||
| 041 | _aEnglish | ||
| 082 | _a330/HOW | ||
| 100 |
_aHowLader, Sushil Ranjan _92438 |
||
| 245 |
_aBangladesh _bAgriculture Involution, Rural Differentiation And Economics Impasse _cSushil Ranjan HowLader |
||
| 260 |
_aNew Delhi _c1997 _bHar-Anand Publications Pvt. ltd, |
||
| 350 | _a495 | ||
| 650 |
_aEconomics _92439 |
||
| 942 |
_k330 _cBK _2ddc |
||
| 999 |
_c13528 _d13528 |
||